Statistics for Stan Countries in 15 Seconds

Click here to take the quiz!

General Stats

  • This quiz has been taken 42 times
  • The average score is 5 of 7

Answer Stats

Answer% Correct
Afghanistan
78%
Pakistan
74%
Kazakhstan
70%
Kyrgyzstan
70%
Tajikistan
65%
Uzbekistan
65%
Turkmenistan
52%

Score Distribution

Percentile by Number Answered

Percent of People with Each Score

Your Score History

You have not taken this quiz